Catálogo
Digital

Catálogo
Digital

Ecuador Debate N°96. Legitimidad Judicial: Control e Independencia (Record no. 13522)

MARC details
000 -CABECERA
campo de control de longitud fija 02241nam a2200397 4500
003 - IDENTIFICADOR DEL NÚMERO DE CONTROL
campo de control EC-UNACH
005 - FECHA Y HORA DE LA ÚLTIMA TRANSACCIÓN
campo de control 20250514093439.0
006 - CÓDIGOS DE INFORMACIÓN DE LONGITUD FIJA--CARACTERÍSTICAS DEL MATERIAL ADICIONAL
campo de control de longitud fija s||||gr|||| 00| 00
008 - DATOS DE LONGITUD FIJA--INFORMACIÓN GENERAL
campo de control de longitud fija 150116t9999 mx r gr 000 0 spa d
020 ## - NÚMERO INTERNACIONAL ESTÁNDAR DEL LIBRO
Número Internacional Estándar del Libro 10121498
040 ## - FUENTE DE LA CATALOGACIÓN
Centro catalogador/agencia de origen EC-UNACH
Centro/agencia transcriptor EC-UNACH
041 ## - CÓDIGO DE LENGUA
Código de lengua del texto/banda sonora o título independiente spa
082 04 - NÚMERO DE LA CLASIFICACIÓN DECIMAL DEWEY
Número de edición 23
Número de clasificación 300
Número de documento/Ítem L017744
110 ## - ENTRADA PRINCIPAL--NOMBRE DE ENTIDAD CORPORATIVA
Nombre de entidad corporativa o nombre de jurisdicción como elemento de entrada Centro Andino de Acción Popular (CAAP)
245 ## - MENCIÓN DE TÍTULO
Título Ecuador Debate N°96. Legitimidad Judicial: Control e Independencia
250 ## - MENCIÓN DE EDICIÓN
Mención de edición Primera edición
264 ## - Producción, publicación, distribución, fabricación y copyright
Lugar de producción, publicación, distribución, fabricación Quito – Ecuador
Nombre del de productor, editor, distribuidor, fabricante CAAP
Fecha de de producción, publicación, distribución, fabricación o copyright 2015
300 ## - DESCRIPCIÓN FÍSICA
Extensión 180 páginas
Otras características físicas Tablas, Gráficos
Dimensiones 14,5 X 21 cm
505 ## - NOTA DE CONTENIDO CON FORMATO
Nota de contenido con formato El horizonte de la crisis que viene. -- Conflictividad socio política: julio octubre 2015. -- Algunos determinantes de la inde. pendencia judicial interna: un estudio comparado de las cortes de Chile, Perú y Ecuador. -- El rol de la Corte Suprema de Justicia de la Argentina en el impulso de la participación política en la jurisdicción. -- El Papel de las Audiencias en la Protección de Derechos y la Construcción de Legitimidad Judicial. El Caso de Colombia. -- ¿Un Tribunal Constitucional para la República Argentina? Reflexiones en torno a la dimensión política del control de constitucionalidad a partir del modelo chileno. -- Debates en torno al perfil recomendable para los magistrados de un Tribunal Constitucional. El caso español y datos comparados. -- La cuestión agraria hoy: perspectivas y retos. -- La visión estratégica del cambio social: acción heroica o transformación silenciosa. -- El nacionalismo autoritario, la religiosidad popular y el rechazo del liberalismo en Bolivia. Una crítica a la a la obra de René Zavaleta Mercado.
650 ## - PUNTO DE ACCESO ADICIONAL DE MATERIA--TÉRMINO DE MATERIA
Término de materia o nombre geográfico como elemento inicial INDEPENDENCIA JUDICIAL
650 ## - PUNTO DE ACCESO ADICIONAL DE MATERIA--TÉRMINO DE MATERIA
Término de materia o nombre geográfico como elemento inicial PROTECCIÓN DE DERECHOS
650 ## - PUNTO DE ACCESO ADICIONAL DE MATERIA--TÉRMINO DE MATERIA
Término de materia o nombre geográfico como elemento inicial CUESTIÓN AGRARIA
650 ## - PUNTO DE ACCESO ADICIONAL DE MATERIA--TÉRMINO DE MATERIA
Término de materia o nombre geográfico como elemento inicial LIBERALISMO EN BOLIVIA
700 ## - PUNTO DE ACCESO ADICIONAL--NOMBRE DE PERSONA
Nombre de persona Ibarra, Hernán
700 ## - PUNTO DE ACCESO ADICIONAL--NOMBRE DE PERSONA
Nombre de persona Basabe-Serrano, Santiago
700 ## - PUNTO DE ACCESO ADICIONAL--NOMBRE DE PERSONA
Nombre de persona Valderrama Gómez, César Augusto
700 ## - PUNTO DE ACCESO ADICIONAL--NOMBRE DE PERSONA
Nombre de persona Trejo, Lisi
700 ## - PUNTO DE ACCESO ADICIONAL--NOMBRE DE PERSONA
Nombre de persona Bercholc, Jorge
942 ## - ELEMENTOS DE PUNTO DE ACCESO ADICIONAL (KOHA)
Fuente del sistema de clasificación o colocación Clasificación Decimal Dewey
Tipo de ítem Koha Libros
999 ## - NÚMEROS DE CONTROL DE SISTEMA (KOHA)
Koha biblionumber 13522
Holdings
Estado de pérdida Fuente del sistema de clasificación o colocación Estado dañado No para préstamo Localización permanente Ubicación/localización actual Ubicación en estantería Fecha de adquisición Fuente de adquisición Número de inventario Total de préstamos Signatura topográfica completa Código de barras Fecha visto por última vez Precio válido a partir de Tipo de ítem Koha Centro de costos
  Clasificación Decimal Dewey     Biblioteca Campus Norte Biblioteca Campus Norte Derecho 16/04/2025 Donación CAAP 39686975   300 CEN L017744 L017744 16/04/2025 16/04/2025 Libros  

Powered by Koha